000
00273nam a2200109Ia 4500
008
220204s9999 xx 000 0 und d
082
_a
NR:04
_b
RRC.13
245
0
_a
Report on manuring experiments
260
_a
Thailand
_b
RRC
_c
1970
490
_a
RRC report 13/70
942
_c
BK
999
_c
24493
_d
24493